000 00961nam a22003017i 4500
003 URS
005 20260120101533.0
008 161026b xxu||||| |||| 00| 0 eng d
020 _a9780077374501 (alk. paper)
020 _a0077374509 (alk. paper)
040 _bEnglish
_cURS
_erda
043 _an-us---
050 4 _aHF5351
_b.F415 2011
100 1 _aFerrell, O. C.,
_eauthor.
245 1 0 _aBusiness /
_cO.C. Ferrell, Geoffrey A. Hirt, Linda Ferrell.
250 _aSecond edition
264 1 _aNew York :
_bMcGraw-Hill Irwin,
_c©2011.
300 _aviii, 359, [34] pages :
_bcolour illustrations ;
_c28 cm.
336 _2rdacontent
_atext
_btxt
337 _2rdamedia
_aunmediated
_bn
338 _2rdacarrier
_avolume
_bnc
504 _aIncludes bibliographical references and index.
650 0 _aBusiness.
650 0 _aManagement
_zUnited States.
700 1 _aHirt, Geoffrey A.,
_eauthor.
700 1 _aFerrell, Linda,
_eauthor.
942 _2lcc
_cR
999 _c83359
_d83358